01076nam a2200229 a 450000100100000000500170001000800410002702000150006804000260008308200150010910000300012424501860015426001470034030000260048750000740051350400430058770000350063070000360066504900090070195201190071099900170082900002565820200930023941.0110218s2003 mx r 000 0 spa d a9703210112 aDO-SdBNPbspacBNPHUH aNNNbR457a1 aReyes, Giovanni E.95239510aALCA y OMC :bAmérica Latina frente al proteccionismo : el libre comercio en los tiempos del ántrax /cGiovanni E. Reyes y María Cristina Rosas ; prólogo por Otto Boye Soto. aMéxico, D.F. :bUniversidad Nacional Autónoma de México ; Secretaría Permanente del Sistema Económico Latinoamericano ; SELA,c2003. a208, [1] p. ;c23 cm. aIncluye datos biográficos de los autores en solapa y en la cubierta aIncluye bibliografías (p. [185]-208)1 aCristina Rosas, María9523961 aBoye Soto, Ottoepról.952397 aBNGR 001054708MOaGRbGRcCTd2011-02-18iLF1l0oNNN R457ap25658-10r2020-06-25w2020-06-25y4ZPréstamo en sala c25150d25150